| 000 | 00685cam a22002531 4500 | ||
|---|---|---|---|
| 001 | 15721 | ||
| 003 | BD-RjUL | ||
| 005 | 20211208235855.0 | ||
| 008 | 140210r19701954xx 001 0 eng | ||
| 035 | _a(BD-RjUL)15776 | ||
| 035 | _a(OCoLC)660859 | ||
| 040 |
_aDLC _cPPi _dOCoLC _dDLC _dBD-RjUL _beng |
||
| 041 | _aeng | ||
| 082 |
_a658.85 _bTAW |
||
| 100 | 1 |
_aTack, Alfred. _948767 |
|
| 245 | 1 | 0 | _a1000 ways to increase your sales / |
| 260 |
_aEnglewood Cliffs, N.J. : _bPrentice-Hall, _cc1954 [reprinted 1970 |
||
| 300 |
_a256 p. ; _c22 cm. |
||
| 504 | _aIncludes index. | ||
| 650 | 0 |
_aSelling. _948768 |
|
| 942 |
_2ddc _cBK |
||
| 999 |
_c15721 _d15721 |
||